000 00797nam a2200217 i 4500
001 79978
003 ES-MaACL
007 t|
008 041025s1979 sp ||||1| spa d
100 1 _aHillgarth, J. N.
_963727
245 1 4 _aLos reinos hispánicos
_b: 1250-1516 /
_cJ.M. Hillgarth ; [traducido por Enrique de Obregón].
250 _a[1ª ed.].
260 _aBarcelona :
_bGrijalbo,
_c1979.
300 _a3 v. ;
_c21 cm.
490 1 _aHistoria de España Grijalbo
505 8 _aContiene: V.I: Un equilibrio precario 1250-1410. -- V. II: La hegemonía castellana 1410-1474. -- V.III: Los Reyes Católicos 1474-1516
700 1 _aObregón, Enrique de.
_986425
830 0 _aHistoria de España (Grijalbo)
_9231468
852 _aES-MaACL
_jL-6141-3
_bR.105816
999 _c79978
_d79978